000 01249cam1a220032501 4500
001 lce00646120
008 760326s1966 ii bf b 000 0 eng
010 _asa 68020776 //r852
020 _c7.00
025 _aPL480:I-E-10504
035 _a(Sirsi) r79041
035 _a(DLC)sa 68020776 //r852
035 _a(UPRA)lce00646120
043 _aa-ii---
050 0 _aDS451
_b.D38
082 _a934
100 1 _aDasgupta, Kalyan Kumar, 1933-
_dDasgupta, Kalyan Kumar, 1933-
_6A38795.1
245 1 4 _aThe Malavas.
260 _aCalcutta,
_bSanskrit College,
_c1966.
490 1 _aCalcutta Sanskrit College Research series, no. 50. Studies, no. 29
500 _aPublished under the auspices of the Government of West Bengal.
500 _aPart of the author's thesis 'Tribal coins of ancient India (2nd century B.C.-4th century A.D.)'.
504 _aBibliography: p. [32]-34.
650 0 _aMalavas.
_6S30672.1
650 0 _aCoins, Malava.
_6S30673.1
810 2 _aUniversity of Calcutta. Sanskrit College studies ;
_tUniversity of Calcutta. Sanskrit College studies ;
_vno. 29.
_6S6292.1
830 0 _aCalcutta Sanskrit College research series ;
_vno. 50.
_6S6293.1
949 _aDS451
_wlcc
_i-108738
_mMAIN
_tBOOK
_lON-SHELF
004 79041
999 _c69603
_d69603